| 000 | nam a22 7a 4500 | ||
|---|---|---|---|
| 999 |
_c2237 _d2237 |
||
| 005 | 20170515160937.0 | ||
| 008 | 170515b1994 enk||||| |||| 00| 0 eng d | ||
| 020 |
_a074941183X (pbk) : _c £6.99 |
||
| 040 | _aAKMAL | ||
| 082 | _a395.52 ROB | ||
| 090 |
_a395.52 _bROB |
||
| 100 | 1 |
_aRobinson, David, _d1936- _94699 |
|
| 245 | 1 | 0 |
_aBusiness etiquette / _cDavid Robinson. |
| 260 |
_aLondon : _b Kogan Page, _c1994. |
||
| 300 |
_a116p. ; _c22cm |
||
| 490 | 1 | _aBetter management skills | |
| 830 | 0 |
_aBetter management skills _94700 |
|
| 942 |
_2ddc _cBOOK |
||